| 000 | 00620nam a2200169 a 4500 | ||
|---|---|---|---|
| 008 | 120416s1973 ||||||||||||||||| || u | ||
| 020 | _a0706312562 | ||
| 050 | _aAE 5 War | ||
| 245 | 0 | 0 | _aWard Lock's new world encyclopedia |
| 260 |
_aLondon _bWard Lock _c1973 |
||
| 300 | _aviii, 176p. : ill. | ||
| 350 | _a0.00 | ||
| 500 | _aContents: Vol. 1 The world of science. Vol. 2 The world of man. Vol 3 The world of art | ||
| 650 | _aENCYCLOPEDIAS AND DICTIONARIES | ||
| 650 | _aENCYCLOPEDIAS | ||
| 995 |
_D0.00 _FCBU-MAIN LIBRARY (Kitwe) _H1 _I11.95 _UREFERENCE _ZReference Collection |
||
| 999 |
_c61435 _d61435 |
||